Images That Rhyme with 'SOON' Quiz Stats

 Plays Quiz not verified by Sporcle

Challenge
Share
Tweet
Score 0/18 Timer 03:00
0 Plays Today
% Correct
moon
99.9%
spoon
99.7%
noon
95.6%
tune
92.7%
dune
90.1%
toon
84.3%
prune
80.8%
coon
79.8%
swoon
77.1%
% Correct
loon
73.5%
June (Cleaver)
68.5%
croon
67.8%
(Daniel) Boone
58.6%
Goon
48.5%
rune
43%
(Benny and) Joon
35%
Zune
31.3%
lune
26.7%

You're not logged in!

Compare scores with friends on all Sporcle quizzes.
Join for Free
OR
Log In

You Might Also Like...

Show Comments

Extras

Created Aug 22, 2012ReportNominate
Tags:Image Quiz, rhyme

Top Quizzes Today


Score Distribution

Your Account Isn't Verified!

In order to create a playlist on Sporcle, you need to verify the email address you used during registration. Go to your Sporcle Settings to finish the process.

Report this User

Report this user for behavior that violates our Community Guidelines.

Details: